Workshop practice (Record no. 4825)

MARC details
000 -LEADER
fixed length control field 00355nam a22001577a 4500
005 - DATE AND TIME OF LATEST TRANSACTION
control field 20160630095148.0
008 - FIXED-LENGTH DATA ELEMENTS--GENERAL INFORMATION
fixed length control field 160630b xxu||||| |||| 00| 0 eng d
041 ## - LANGUAGE CODE
Language code of text/sound track or separate title eng
082 ## - DEWEY DECIMAL CLASSIFICATION NUMBER
Item number 12917
100 ## - MAIN ENTRY--AUTHOR NAME
Personal name Singh, Swarn
245 ## - TITLE STATEMENT
Title Workshop practice
260 ## - PUBLICATION, DISTRIBUTION, ETC. (IMPRINT)
Name of publisher Katson
Year of publication 2008
300 ## - PHYSICAL DESCRIPTION
Number of Pages 257
650 ## - SUBJECT ADDED ENTRY--TOPICAL TERM
Topical Term Diploma Engineering
942 ## - ADDED ENTRY ELEMENTS (KOHA)
Koha item type Books
Holdings
Lost status Damaged status Home library Current library Shelving location Date acquired Cost, normal purchase price Full call number Accession Number Koha item type
    JRU Library   SHELF-45-N 30/06/2016 95.00 12917 12917 Books